书目信息 |
| 题名: |
结晶化学导论
|
|
| 作者: | 埃文思 著 ;新民 , 胡玉才 , 戴寰 译 | |
| 分册: | ||
| 出版信息: | 北京 人民教育出版社 1981.12 |
|
| 页数: | 413页 | |
| 开本: | 20cm | |
| 丛书名: | ||
| 单 册: | ||
| 中图分类: | O645 | |
| 科图分类: | ||
| 主题词: | 物理化学 , 量子化学 | |
| 电子资源: | ||
| ISBN: | ||
| 000 | 00708nam0 2200253 45 | |
| 001 | 0303251416 | |
| 005 | 20060814144919.17 | |
| 010 | @dCNY2.00 | |
| 091 | @a13012.0681 | |
| 100 | @a20030325d1981 km y0chiy0120 ea | |
| 101 | 0 | @achi@ceng |
| 200 | 1 | @a结晶化学导论@AJie Jing Hua Xue Dao Lun@f(英)R·C·埃文思著@F(Ying)R·C·Ai Wen Si Zhu@g胡玉才,戴寰,新民译 |
| 210 | @a北京@c人民教育出版社@d1981.12 | |
| 215 | @a413页@d20cm | |
| 300 | @a附录:参考书目等 | |
| 606 | 0 | @a物理化学 |
| 606 | 0 | @a量子化学 |
| 690 | @aO645@v3 | |
| 701 | 0 | @a埃文思@4著 |
| 702 | 0 | @a新民@AXin Min@4译 |
| 702 | 0 | @a胡玉才@AHu Yu Cai@4译 |
| 702 | 0 | @a戴寰@ADai Huan@4译 |
| 801 | @aCN@bTSTC@c20060814 | |
| 905 | @dO645@e10 | |
| 结晶化学导论/(英)R·C·埃文思著/胡玉才,戴寰,新民译.-北京:人民教育出版社,1981.12 |
| 413页;20cm |
| 附录:参考书目等 |
| ISBN :CNY2.00 |
| ● |
| 相关链接 |
|
|
|
|
正题名:结晶化学导论
索取号:O645/10
 
预约/预借
| 序号 | 登录号 | 条形码 | 馆藏地/架位号 | 状态 | 备注 |
| 1 | 0121870 | 000352353 | 密集书库/ [索取号:O645/10] | 在馆 | |
| 2 | 0121871 | 001937293 | 第三借阅区/ [索取号:O645/10] | 在馆 | |
| 3 | 0229690 | 001773389 | 密集书库/ [索取号:O645/10] | 在馆 | |
| 4 | 0229691 | 001773343 | 密集书库/ [索取号:O645/10] | 在馆 | |
| 5 | 0229692 | 001773423 | 密集书库/ [索取号:O645/10] | 在馆 | |
| 6 | 0229693 | 001773708 | 密集书库/ [索取号:O645/10] | 在馆 | |
| 7 | 0229694 | 001773502 | 密集书库/ [索取号:O645/10] | 在馆 | |
| 8 | 0432949 | 204329495 | 密集书库/ [索取号:O645/10] | 在馆 |